000 00569cam a22002053a 4500
001 37583
003 PGUSA
005 20140828083826.0
008 111001s2011||||xxu|||||s|||||000 | eng d
040 _aPGUSA
_beng
042 _adc
245 1 4 _aThe Baptist Magazine, Vol. 27, 1835
_h[electronic resource] /
_cVarious
260 _bProject Gutenberg,
_c2011
506 _aPublic domain in the USA.
516 _aElectronic text
700 1 _aWightman, George
830 0 _aProject Gutenberg
_v37583
856 4 0 _uhttp://www.gutenberg.org/ebooks/37583
942 _cEB
999 _c266837
_d266837